| 000 | 00812nam a2200205Ii 4500 | ||
|---|---|---|---|
| 003 | JO-AjNU | ||
| 008 | 230605s9999||||xx |||||||||||||| ||und|| | ||
| 017 | _a1980/4195 | ||
| 040 |
_aJO-AjNU _bara _erda _cJO-AjNU |
||
| 041 | _aara | ||
| 050 | 1 | 4 | _aJF51.A5712 |
| 100 | 3 |
_aها.الموند، جابرييل ، ج. ينعهام باول الابن /عنانى ، احمد على احمد ، نقلة الى العربية /احمد حمودة ، مراجعة, _eauthor _98573 |
|
| 245 | 0 | 0 | _aالسياسة المقارنة دراسات فى النظم السياسية العالمية |
| 250 | _a(د،ط) | ||
| 264 | 3 | 1 | _aالفجالة : دار الطباعة القومية |
| 300 | _a316ص | ||
| 336 |
_atext _btxt _2rdacontent |
||
| 337 |
_aunmediated _bn _2rdamedia |
||
| 338 |
_avolume _bnc _2rdacarrier |
||
| 999 |
_aA858 _c4426 _d4426 |
||